La campaña del desierto /

Guardado en:
Autor Principal: Mignona, Sebastián
Autor Corporativo: Canal Encuentro.
Otros Autores: Palomino, Juan; Voz en off.
Formato: Deslizar
Publicado: Argentina : Canal Encuentro, 2008.
Series:Historia de un País, Argentina Siglo XX
Materias:
Acceso en línea:https://www.educ.ar/recursos/50003/campana-del-desierto
Etiquetas: Agregar Etiqueta
Sin Etiquetas, Sea el primero en etiquetar este registro!
LEADER 01241ngm a22003255g 4500
001 CEM.cems023035
008 130507s2008##################0###0#####d
005 20241204164443.0
245 1 0 |a La campaña del desierto /  |c Sebastián Mignona. 
260 |a Argentina :  |b Canal Encuentro,  |c 2008. 
300 |a 29'. 
490 0 |a Historia de un País, Argentina Siglo XX 
500 |a Consultar en ventanilla. 
505 0 |a La economía próspera de fines del siglo XIX y la conquista de los territorios de la Patagonia. El exterminio de los pueblos originarios. Distintas visiones acerca de este hecho histórico. 
590 |a Identificación SIABUC: DVD Nº48A 
538 |a Soporte: DVD - Color: Si - Grabación DRD 
100 1 |a Mignona, Sebastián 
700 1 |a Palomino, Juan; Voz en off. 
710 2 |a Canal Encuentro. 
082 9 8 |/ MIG-1 
082 9 8 |/ HIS-1 
653 |a HISTORIA 
653 |a HISTORIA DE UN PAIS 
653 |a ARGENTINA 
653 |a HISTORIA ARGENTINA 
653 |a CONQUISTA DEL DESIERTO 
653 |a CAMPAÑA DEL DESIERTO 
653 |a NIVEL SECUNDARIO 
856 |u https://www.educ.ar/recursos/50003/campana-del-desierto 
859 |a CEMS  |b BIB. CEMS - Depto. Recursos Didacticos  |h 982  |i MIG-1  |k DRD  |p 1678.12  |t Ej.1